000 00604nam a22002537a 4500
003 UA-OsUOA
001 31174
007 ta
008 20041206b un ||||| |||| 00| 0 ukr d
100 _aМордовцев Д.
090 _a94(47+571)
_bМ79
942 _cBK
040 _aUA-OsUOA
_brus
_cUA-OsUOA
_dUA-OsUOA
245 _aРазбойники России
300 _a247 с.
955 _a0
041 _arus
080 _a94(47+571)
260 _aМосква
_bЕВРОРОСС
_c1991
044 _aRU
250 _nРепринтное изд.
650 7 _2UDC
999 _c317596
_d317596